Rusko-slovenská konverzácia pre ekonómov

Gespeichert in:
Bibliographische Detailangaben
1. Verfasser: Sopira, Andrej
Weitere Verfasser: Bobaľová, Emília, 1931-, Zemanová, Jaroslava
Format: Buch
Sprache:Slowakisch
Veröffentlicht: Bratislava Slovenské pedagogické nakladateľstvo 1979
Ausgabe:5. vyd.
Tags: Tag hinzufügen
Keine Tags, Fügen Sie das erste Tag hinzu!

MARC

LEADER 00000nam a2200000 4500
001 0222708
005 20240822101701.5
041 0 |a slo 
044 |a SK 
245 1 0 |a Rusko-slovenská konverzácia pre ekonómov  |c Andrej Sopira, Emília Bobaľová, Jaroslava Zemanová 
250 |a 5. vyd. 
264 1 |a Bratislava  |b Slovenské pedagogické nakladateľstvo  |c 1979 
300 |a 203 s. 
100 1 |a Sopira, Andrej 
700 1 |a Bobaľová, Emília, 1931- 
700 1 |a Zemanová, Jaroslava